000 00859nam a2200265 a 4500
001 000082478
005 20200120224742.0
008 031106s1993 col0 gr0 000 d
020 _a8475098835
041 0 _asp
043 _as-ck---
082 0 4 _a658.4052
_bL27
_221
100 0 _aLeritz, Len
245 1 0 _aNegociación infalible :
_bcómo resolver problemas, lograr acuerdos y solucionar conflictos /
_cLen Leritz ; traducido por Irene Cudich.
250 _a1a ed.
260 _aBarcelona :
_bEdiciones Paidós,
_c1993.
300 _a287 páginas.
490 0 _aPaidós Empresa
_v17
500 _aIncluye índice y apéndices
650 1 7 _aNegociación
_2LEMB
650 2 7 _aNegociaciones colectivas de trabajo
_2LEMB
650 2 7 _aSolución de conflictos
_2LEMB
650 2 7 _aRelaciones industriales
_2LEMB
700 1 _aCudich, Irene,
_etraductor
999 _c10882
_d10882